Δημιουργία, λειτουργία και επιχειρηματική διαχείριση διαδικτυακών κοινοτήτων σε τοπικό επίπεδο : η περίπτωση του foititelia.gr : διπλωματική εργασία
Saved in:
| Main Author: | |
|---|---|
| Corporate Author: | |
| Format: | Thesis Book |
| Language: | Greek |
| Published: |
[2008]
|
| Subjects: | |
| Online Access: | http://hdl.handle.net/11610/16405 |
| Tags: |
Add Tag
No Tags, Be the first to tag this record!
|
MARC
| LEADER | 00000cam a2200000 i 4500 | ||
|---|---|---|---|
| 001 | 1/1519 | ||
| 008 | 090915s2008 gr | ||| |||| ||gre|| | ||
| 035 | |l 10105626 | ||
| 040 | |a GR-MyUa |b gre |e AACR2 | ||
| 041 | 0 | |a gre | |
| 082 | 7 | |a 005 |2 (22) | |
| 100 | 1 | |a Σωμαράκης, Χριστόφορος. | |
| 245 | 1 | 0 | |a Δημιουργία, λειτουργία και επιχειρηματική διαχείριση διαδικτυακών κοινοτήτων σε τοπικό επίπεδο : |b η περίπτωση του foititelia.gr : διπλωματική εργασία / |c Σωμαράκης Χριστόφορος ; επιβλέπων καθηγητής: Δ. Παπαγεωργίου ; συνεπιβλέπων καθηγητής: Μ. Βαφόπουλος. |
| 260 | |c [2008] | ||
| 300 | |a 114 σ. ; |c 30 εκ. | ||
| 502 | |a Διατριβή (μεταπτυχιακή) – Πανεπιστήμιο Αιγαίου, Λέσβος, 2008. | ||
| 504 | |a Βιβλιογραφία: σ. 111-114. | ||
| 650 | 0 | 0 | |a World Wide Web. |
| 650 | 0 | 0 | |a Web site development. |
| 650 | 0 | 0 | |a Web sites |x Design. |
| 650 | 0 | 0 | |a Web sites |x Evaluation. |
| 650 | 0 | 0 | |a Internet. |
| 650 | 0 | 0 | |a Dissertations, Academic |z Greece. |
| 700 | 1 | |a Παπαγεωργίου, Δημήτρης, |e dgs | |
| 700 | 1 | |a Βαφόπουλος, Μιχάλης, |e dgs | |
| 710 | 2 | |a Πανεπιστήμιο Αιγαίου. |b Σχολή Κοινωνικών Επιστημών. |b Τμήμα Πολιτισμικής Τεχνολογίας και Επικοινωνίας. |b Πρόγραμμα Μεταπτυχιακών Σπουδών Πολιτισμική Πληροφορική και Επικοινωνία. | |
| 852 | |a INST |b LESVOS |c DIATR |e 20090915 |h 187 |p 005100046582 |q 005100046582 |t MTXE |y 23 | ||
| 852 | |a INST |b LESVOS |c DIATR |e 20090915 |h 188 |p 005100046583 |q 005100046583 |t MTXE |y 23 | ||
| 856 | |u http://hdl.handle.net/11610/16405 | ||
| 901 | |a BIBL1-2009-3 | ||
| 924 | |a Σωμαράκης |b Χριστόφορος |y Λέσβος |z 2008-08 | ||
| 970 | |a ΤΖΑΦΕΡΗ |b ΕΥΑΓΓΕΛΙΑ |z 2009/09/15 | ||